[Event "Aeroflot Open 2016 B"]
[Site "Moscu RUS"]
[Date "2016.03.06"]
[Round "6.30"]
[White "Babujian, Levon"]
[Black "Gevorgyan, David Sh"]
[Result "1-0"]
[WhiteElo "2491"]
[BlackElo "2346"]
[PlyCount "119"]
[EventDate "2016.03.01"]
[EventType "swiss"]
[EventRounds "9"]
[EventCountry "RUS"]
[Source "lmi"]
[SourceDate "2016.03.01"]

1. e4 e5 2. Nf3 Nc6 3. d4 exd4 4. Nxd4 Bb4+ 5. c3 Bc5 6. Be3 Bb6 7. Nf5 g6 8.
Bxb6 axb6 9. Ne3 Nf6 10. f3 d6 11. c4 Nh5 12. Qd2 Be6 13. Nc3 Qh4+ 14. g3 Nxg3
15. Qf2 Qh6 16. hxg3 Qxh1 17. O-O-O Qh6 18. f4 f6 19. Ned5 Qg7 20. Nb5 Rc8 21.
f5 Bxd5 22. cxd5 Nd8 23. Kb1 g5 24. Be2 O-O 25. Nd4 Qe7 26. Ne6 Nxe6 27. fxe6
Qg7 28. Bg4 Rce8 29. Bf5 Re7 30. Rh1 h6 31. Rh5 Qh8 32. Qf3 Kg7 33. Rh2 Kg8 34.
a4 Ra8 35. Qh5 Rf8 36. Kc2 Qg7 37. Kd3 Qh8 38. Ke3 Qg7 39. Kf3 Ra8 40. b3 Rf8
41. Kg4 c6 42. Qxh6 cxd5 43. exd5 Qxh6 44. Rxh6 Rc8 45. Rxf6 Rc3 46. Rh6 Rg7
47. Bg6 Kf8 48. Kxg5 Rxg3+ 49. Kf6 Rf3+ 50. Bf5 Rg8 51. Rh7 Ke8 52. Re7+ Kd8
53. Rxb7 Rf8+ 54. Rf7 Ke8 55. Rxf8+ Kxf8 56. e7+ Ke8 57. b4 Rf1 58. a5 bxa5 59.
bxa5 Rf2 60. a6 1-0

[Event "Aeroflot Open 2016 B"]
[Site "Moscu RUS"]
[Date "2016.03.06"]
[Round "6.31"]
[White "Elistratov, Semen"]
[Black "Kharchenko, Boris"]
[Result "1/2-1/2"]
[WhiteElo "2335"]
[BlackElo "2488"]
[PlyCount "111"]
[EventDate "2016.03.01"]
[EventType "swiss"]
[EventRounds "9"]
[EventCountry "RUS"]
[Source "lmi"]
[SourceDate "2016.03.01"]

1. e4 e5 2. Nf3 Nc6 3. Bb5 a6 4. Ba4 Nf6 5. O-O Be7 6. Re1 b5 7. Bb3 O-O 8. d3
h6 9. Nbd2 Re8 10. a4 Bb7 11. axb5 axb5 12. Rxa8 Bxa8 13. Nf1 Bf8 14. c3 Na5
15. Ba2 c5 16. Ng3 d5 17. exd5 Bxd5 18. Bxd5 Qxd5 19. h3 Nc6 20. Ne4 Nd7 21.
Ng3 Rd8 22. Qe2 Nf6 23. c4 bxc4 24. dxc4 Qd3 25. Qxd3 Rxd3 26. Kf1 Nd7 27. Nf5
f6 28. Re3 Rd1+ 29. Re1 Rxe1+ 30. Kxe1 h5 31. g4 hxg4 32. hxg4 Kf7 33. Ng3 Na5
34. Nd2 g6 35. Ke2 Ke6 36. Kd3 f5 37. gxf5+ gxf5 38. f3 Nc6 39. b3 Bh6 40. Bb2
Bf4 41. Nh5 Bg5 42. Bc3 Kf7 43. Ng3 Kg6 44. Ngf1 Nf8 45. Kc2 Ne6 46. Kb2 Nf4
47. Ka3 Nd3 48. Ka4 Nd4 49. Bxd4 exd4 50. Kb5 Be7 51. Ng3 Ne5 52. Ne2 Kh5 53.
Nf1 Kg5 54. Nd2 Kh4 55. Nf1 Kg5 56. Nd2 1/2-1/2

[Event "Aeroflot Open 2016 B"]
[Site "Moscu RUS"]
[Date "2016.03.06"]
[Round "6.32"]
[White "Badmatsyrenov, Oleg"]
[Black "Gomes, Mary Ann"]
[Result "1/2-1/2"]
[WhiteElo "2475"]
[BlackElo "2312"]
[PlyCount "119"]
[EventDate "2016.03.01"]
[EventType "swiss"]
[EventRounds "9"]
[EventCountry "RUS"]
[Source "lmi"]
[SourceDate "2016.03.01"]

1. e4 c5 2. Nf3 e6 3. d4 cxd4 4. Nxd4 Nc6 5. Nc3 Qc7 6. f4 Nxd4 7. Qxd4 a6 8.
a4 Ne7 9. Be3 Nc6 10. Qb6 Qxb6 11. Bxb6 Bb4 12. O-O-O d6 13. h4 Ke7 14. Rh3 Bc5
15. Bc7 Nb4 16. Rg3 Bd7 17. e5 d5 18. Rxg7 Rag8 19. Bd6+ Bxd6 20. exd6+ Kf6 21.
Rxg8 Rxg8 22. Ne2 Bxa4 23. Rd4 Nxc2 24. Rxa4 Ne3 25. Rb4 b5 26. Rb3 Nxf1 27.
Nd4 Rd8 28. g4 Rxd6 29. g5+ Kg7 30. Kd1 Rd7 31. Ke2 Nh2 32. Rh3 e5 33. Nb3 Rc7
34. Rxh2 Rc2+ 35. Nd2 e4 36. Rh3 Rxb2 37. Kd1 Kg6 38. Ra3 Kf5 39. Kc1 Rb4 40.
Rxa6 Kxf4 41. Rf6+ Kg4 42. Rxf7 Kxh4 43. Rxh7+ Kxg5 44. Rd7 Rd4 45. Nb3 Rd3 46.
Kc2 Kf6 47. Rb7 Ke5 48. Rxb5 Rh3 49. Rb8 Rh6 50. Kd2 Rh2+ 51. Kc3 Rh3+ 52. Kb4
Rd3 53. Re8+ Kf4 54. Nc5 Rd1 55. Kb3 Ke3 56. Nd7 Kd2 57. Nf6 e3 58. Nxd5 e2 59.
Rxe2+ Kxe2 60. Nc3+ 1/2-1/2

[Event "Aeroflot Open 2016 B"]
[Site "Moscu RUS"]
[Date "2016.03.06"]
[Round "6.33"]
[White "Abdulov, Orkhan"]
[Black "Baghdasaryan, Vahe"]
[Result "0-1"]
[WhiteElo "2354"]
[BlackElo "2436"]
[PlyCount "70"]
[EventDate "2016.03.01"]
[EventType "swiss"]
[EventRounds "9"]
[EventCountry "RUS"]
[Source "lmi"]
[SourceDate "2016.03.01"]

1. e4 c5 2. c3 Nf6 3. e5 Nd5 4. d4 cxd4 5. Nf3 e6 6. cxd4 b6 7. Nc3 Bb7 8. Bd3
Be7 9. O-O O-O 10. Nxd5 Bxd5 11. Qc2 Bxf3 12. gxf3 g6 13. Be4 Nc6 14. Bxc6 Rc8
15. Qa4 Rxc6 16. Qxa7 f6 17. f4 fxe5 18. dxe5 Bc5 19. Kh1 Rf5 20. Rg1 Bxf2 21.
Rg2 Bd4 22. Qa6 Qc7 23. Bd2 Bxb2 24. Rag1 Bd4 25. Qa8+ Rf8 26. Rxg6+ hxg6 27.
Rxg6+ Kh7 28. Qxf8 Rc1+ 29. Kg2 Qc6+ 30. Kg3 Rg1+ 31. Kh4 Bf2+ 32. Rg3 Bxg3+
33. hxg3 Qh1+ 34. Kg4 Qh6 35. Qa3 Qg6+ 0-1

[Event "Aeroflot Open 2016 B"]
[Site "Moscu RUS"]
[Date "2016.03.06"]
[Round "6.34"]
[White "Erzhanov, Arman"]
[Black "Savitskiy, Sergey"]
[Result "0-1"]
[WhiteElo "2305"]
[BlackElo "2407"]
[PlyCount "86"]
[EventDate "2016.03.01"]
[EventType "swiss"]
[EventRounds "9"]
[EventCountry "RUS"]
[Source "lmi"]
[SourceDate "2016.03.01"]

1. e4 c5 2. b3 Nc6 3. Bb2 e6 4. Bb5 Qc7 5. Nf3 a6 6. Bxc6 Qxc6 7. Qe2 Nf6 8. d3
Be7 9. O-O b5 10. Ne5 Qc7 11. f4 h5 12. a4 d6 13. Nf3 Bb7 14. axb5 axb5 15.
Rxa8+ Bxa8 16. Nbd2 h4 17. Ng5 Bb7 18. Qe1 Rh5 19. Ndf3 d5 20. Ne5 dxe4 21.
dxe4 c4 22. Bd4 h3 23. g3 Bc5 24. Qe3 Rxg5 25. Bxc5 Rxe5 26. fxe5 Nxe4 27. Bb6
Qxe5 28. Qf4 Qxf4 29. Rxf4 g5 30. Rf1 Nd2 31. Rd1 Nf3+ 32. Kf2 Nxh2 33. g4
Nxg4+ 34. Kg3 h2 35. Kxg4 f6 36. bxc4 bxc4 37. Rd8+ Kf7 38. Rh8 h1=Q 39. Rxh1
Bxh1 40. c3 Kg6 41. Bd8 e5 42. Bc7 e4 43. Kg3 f5 0-1

[Event "Aeroflot Open 2016 B"]
[Site "Moscu RUS"]
[Date "2016.03.06"]
[Round "6.35"]
[White "Soumya, Swaminathan"]
[Black "Raja, Harshit"]
[Result "1/2-1/2"]
[WhiteElo "2384"]
[BlackElo "2341"]
[PlyCount "101"]
[EventDate "2016.03.01"]
[EventType "swiss"]
[EventRounds "9"]
[EventCountry "RUS"]
[Source "lmi"]
[SourceDate "2016.03.01"]

1. e4 e5 2. Nf3 Nc6 3. Bb5 a6 4. Ba4 Nf6 5. O-O b5 6. Bb3 Bc5 7. c3 d6 8. a4
Rb8 9. d4 Bb6 10. axb5 axb5 11. Na3 O-O 12. Nxb5 Bg4 13. Bc2 exd4 14. Nbxd4
Nxd4 15. cxd4 d5 16. e5 Ne4 17. Qd3 Bf5 18. Qe2 Qe7 19. Be3 c5 20. dxc5 Bxc5
21. Rab1 Rfc8 22. Bd3 Rb3 23. Rbd1 Bxe3 24. Qxe3 Rxb2 25. Nd4 Bg6 26. Rc1 Rxc1
27. Qxc1 Ra2 28. Bb1 Ra8 29. Nc6 Qc7 30. Rd1 h6 31. Bxe4 Bxe4 32. Qc5 Rc8 33.
Ne7+ Kh7 34. Qa3 Qc2 35. Qa1 Rb8 36. Qc1 Qxc1 37. Rxc1 Rb7 38. Nc8 Bg6 39. Nd6
Rb2 40. f4 Be4 41. Nxe4 dxe4 42. Re1 Kg6 43. g4 h5 44. h3 hxg4 45. hxg4 f5 46.
exf6 gxf6 47. Rxe4 f5 48. Re6+ Kf7 49. gxf5 Rb4 50. Kg2 Rxf4 51. Kg3 1/2-1/2

[Event "Aeroflot Open 2016 B"]
[Site "Moscu RUS"]
[Date "2016.03.06"]
[Round "6.36"]
[White "Lomasov, Semen"]
[Black "Charochkina, Daria"]
[Result "0-1"]
[WhiteElo "2350"]
[BlackElo "2381"]
[PlyCount "84"]
[EventDate "2016.03.01"]
[EventType "swiss"]
[EventRounds "9"]
[EventCountry "RUS"]
[Source "lmi"]
[SourceDate "2016.03.01"]

1. e4 c6 2. Nf3 d5 3. Nc3 Nf6 4. e5 Ne4 5. Ne2 Qb6 6. d4 e6 7. Ng3 c5 8. c3 Nc6
9. Bd3 Nxg3 10. hxg3 cxd4 11. cxd4 Bd7 12. Kf1 Be7 13. g4 Nb4 14. Bb1 Bb5+ 15.
Kg1 Rc8 16. Be3 Qa6 17. Ne1 Be2 18. Qd2 Bxg4 19. Bxh7 Kd7 20. f3 Bf5 21. Bxf5
Rxh1+ 22. Kxh1 Qf1+ 23. Kh2 exf5 24. Bg5 Rh8+ 25. Kg3 f6 26. Nc2 Qc4 27. Nxb4
Bxb4 28. Qf4 Qd3 29. Qe3 Qc2 30. e6+ Ke8 31. Qf4 Rh5 32. Qb8+ Ke7 33. Bf4 g5
34. Qc7+ Qxc7 35. Bxc7 Kxe6 36. a3 f4+ 37. Kf2 Bd2 38. g3 Rh7 39. Bb8 b6 40.
gxf4 gxf4 41. Ke2 Be3 42. Kd3 Rb7 0-1

[Event "Aeroflot Open 2016 B"]
[Site "Moscu RUS"]
[Date "2016.03.06"]
[Round "6.37"]
[White "Hojjatova, Aydan"]
[Black "Melia, Salome"]
[Result "1-0"]
[WhiteElo "2323"]
[BlackElo "2452"]
[PlyCount "109"]
[EventDate "2016.03.01"]
[EventType "swiss"]
[EventRounds "9"]
[EventCountry "RUS"]
[Source "lmi"]
[SourceDate "2016.03.01"]

1. e4 c5 2. Nf3 b6 3. d4 cxd4 4. Nxd4 Bb7 5. Bd3 g6 6. O-O Bg7 7. Be3 Nf6 8. f3
O-O 9. c4 d6 10. Nc3 Nbd7 11. Rc1 Rc8 12. b3 Nc5 13. Be2 a6 14. Qe1 h6 15. Qf2
e6 16. b4 Ncd7 17. Nb3 Rb8 18. Rfd1 Qc7 19. Na4 Ba8 20. c5 bxc5 21. bxc5 d5 22.
c6 Bxc6 23. Nd4 Ne5 24. Bf4 Nh5 25. Rxc6 Qe7 26. Be3 Nxc6 27. Nxc6 Qa3 28. Nxb8
Rxb8 29. Nb6 dxe4 30. fxe4 Nf6 31. Bf3 Qa5 32. Qd2 Qe5 33. Qd6 Qxd6 34. Rxd6
Ne8 35. Rc6 Be5 36. Nc4 Rb1+ 37. Kf2 Bxh2 38. Rxa6 Nc7 39. Rb6 Rh1 40. a4 Bg1+
41. Ke2 Bxe3 42. Kxe3 Kg7 43. a5 Ra1 44. Kd4 Ra4 45. e5 g5 46. Bc6 Ra2 47. Rb2
Ra1 48. Kc5 Rc1 49. Kb6 Nd5+ 50. Bxd5 exd5 51. Ne3 Re1 52. Nxd5 Rxe5 53. Kc5 h5
54. a6 Re6 55. Rb6 1-0

[Event "Aeroflot Open 2016 B"]
[Site "Moscu RUS"]
[Date "2016.03.06"]
[Round "6.38"]
[White "Murtazin, Bulat"]
[Black "Kulkarni, Rakesh"]
[Result "1-0"]
[WhiteElo "2315"]
[BlackElo "2357"]
[PlyCount "71"]
[EventDate "2016.03.01"]
[EventType "swiss"]
[EventRounds "9"]
[EventCountry "RUS"]
[Source "lmi"]
[SourceDate "2016.03.01"]

1. d4 Nf6 2. c4 e6 3. Nf3 Bb4+ 4. Nbd2 O-O 5. a3 Be7 6. e4 d5 7. Qc2 dxe4 8.
Nxe4 Nc6 9. Be3 Ng4 10. Rd1 Nxe3 11. fxe3 Qe8 12. Be2 f5 13. Nc3 Bf6 14. O-O e5
15. d5 Nd8 16. e4 f4 17. c5 c6 18. Nd2 g5 19. Nc4 Qg6 20. Nd6 Bd7 21. dxc6 Bxc6
22. Bg4 Kh8 23. Qe2 Qg8 24. b4 a6 25. Nd5 Rb8 26. Rf3 h5 27. Rh3 h4 28. Bf5 Qg7
29. Qh5+ Kg8 30. Rhd3 g4 31. Nxf6+ Rxf6 32. Ne8 Rxf5 33. exf5 Qe7 34. Qg6+ Kf8
35. Nf6 Qc7 36. Nh7+ 1-0

[Event "Aeroflot Open 2016 B"]
[Site "Moscu RUS"]
[Date "2016.03.06"]
[Round "6.39"]
[White "Iniyan, P."]
[Black "Oganisian, Roman"]
[Result "1-0"]
[WhiteElo "2295"]
[BlackElo "2337"]
[PlyCount "95"]
[EventDate "2016.03.01"]
[EventType "swiss"]
[EventRounds "9"]
[EventCountry "RUS"]
[Source "lmi"]
[SourceDate "2016.03.01"]

1. e4 c5 2. Nf3 d6 3. d4 cxd4 4. Nxd4 Nf6 5. Nc3 a6 6. f3 e6 7. Be3 b5 8. Qd2
Bb7 9. g4 Nfd7 10. O-O-O Nb6 11. Qf2 N8d7 12. Kb1 Rc8 13. Nce2 Nc4 14. Bc1 d5
15. exd5 Bxd5 16. Nf4 Ndb6 17. Bxc4 Rxc4 18. b3 Rc8 19. Ndxe6 fxe6 20. Nxe6 Qd6
21. Rhe1 Kd7 22. Bf4 Qc6 23. Rxd5+ Nxd5 24. Qa7+ Nc7 25. Nxc7 Rxc7 26. Bxc7
Qxc7 27. Qxa6 Qc6 28. Qa7+ Kc8 29. Qd4 Qd7 30. Qb6 Bd6 31. Qa6+ Kc7 32. Qa7+
Kc6 33. Qa6+ Kc7 34. Re3 Bc5 35. Rc3 Qd1+ 36. Kb2 Qd4 37. a3 Rf8 38. b4 Qxc3+
39. Kxc3 Rxf3+ 40. Kb2 Bd4+ 41. Ka2 Rc3 42. Qa5+ Kc6 43. Qa8+ Kd6 44. Qe4 Be5
45. Qxh7 Re3 46. Qg6+ Kd5 47. Qb6 Ke4 48. Qxb5 1-0

[Event "Aeroflot Open 2016 B"]
[Site "Moscu RUS"]
[Date "2016.03.06"]
[Round "6.40"]
[White "Li, Yankai"]
[Black "Pustovoitova, Daria"]
[Result "1-0"]
[WhiteElo "2175"]
[BlackElo "2337"]
[PlyCount "64"]
[EventDate "2016.03.01"]
[EventType "swiss"]
[EventRounds "9"]
[EventCountry "RUS"]
[Source "lmi"]
[SourceDate "2016.03.01"]

1. e4 e6 2. d4 d5 3. Nd2 Nf6 4. e5 Nfd7 5. Bd3 c5 6. c3 Nc6 7. Ne2 cxd4 8. cxd4
f6 9. exf6 Nxf6 10. Nf3 Bd6 11. O-O O-O 12. Bg5 e5 13. dxe5 Nxe5 14. Nxe5 Bxe5
15. Qd2 Qb6 16. Nc3 Be6 17. Rae1 Nd7 18. Qe2 h6 19. Bh4 Bxc3 20. bxc3 Bf5 21.
Bxf5 Rxf5 22. Qg4 Rf7 23. Re6 Qc5 24. Rxh6 Qxc3 25. Rh5 Qd3 26. Rd1 Qe4 27. Qh3
Nb6 28. Bd8 Rf8 29. Rh8+ Kf7 30. Qh5+ g6 31. Qh7+ Ke8 32. Rxf8+ Kxf8 1-0

[Event "Aeroflot Open 2016 B"]
[Site "Moscu RUS"]
[Date "2016.03.06"]
[Round "6.41"]
[White "Demianjuk, Alexander"]
[Black "Aslanov, Farid"]
[Result "1-0"]
[WhiteElo "2336"]
[BlackElo "2171"]
[PlyCount "99"]
[EventDate "2016.03.01"]
[EventType "swiss"]
[EventRounds "9"]
[EventCountry "RUS"]
[Source "lmi"]
[SourceDate "2016.03.01"]

1. d4 Nf6 2. c4 e6 3. Nf3 b6 4. a3 Bb7 5. Nc3 d6 6. d5 e5 7. e4 g6 8. Be2 Bg7
9. O-O O-O 10. b4 Nbd7 11. Ne1 Qe7 12. Nd3 Rfc8 13. Be3 c6 14. dxc6 Bxc6 15. f3
Bb7 16. Nb2 Nf8 17. Nd5 Nxd5 18. cxd5 f5 19. Bb5 Kh8 20. Qd3 f4 21. Bf2 a6 22.
Bc6 Bxc6 23. dxc6 b5 24. a4 d5 25. Bc5 dxe4 26. fxe4 Qc7 27. axb5 axb5 28. Rxa8
Rxa8 29. Qxb5 Rb8 30. Qc4 Qxc6 31. Bxf8 Qxc4 32. Bxg7+ Kxg7 33. Nxc4 Rxb4 34.
Rc1 Kf6 35. h3 Ke6 36. Kf2 Rb5 37. Nd2 Rb2 38. Ke2 Rb6 39. Rc5 Kf6 40. Nc4 Re6
41. h4 h6 42. Kf3 h5 43. Rb5 Re7 44. Rb6+ Kf7 45. Nd6+ Kg7 46. Rb7 Rxb7 47.
Nxb7 Kf6 48. Nc5 Kf7 49. Nd3 Ke6 50. Nxf4+ 1-0

[Event "Aeroflot Open 2016 B"]
[Site "Moscu RUS"]
[Date "2016.03.06"]
[Round "6.42"]
[White "Qiu, Mengjie"]
[Black "Bashirli, Nail"]
[Result "1/2-1/2"]
[WhiteElo "2169"]
[BlackElo "2332"]
[PlyCount "111"]
[EventDate "2016.03.01"]
[EventType "swiss"]
[EventRounds "9"]
[EventCountry "RUS"]
[Source "lmi"]
[SourceDate "2016.03.01"]

1. e4 c5 2. Nf3 d6 3. Bb5+ Bd7 4. Bxd7+ Qxd7 5. O-O Nf6 6. Re1 Nc6 7. c3 e6 8.
d4 cxd4 9. cxd4 d5 10. e5 Ne4 11. Nbd2 Nxd2 12. Bxd2 Bb4 13. Rc1 Bxd2 14. Qxd2
O-O 15. Rc3 Rac8 16. Rec1 Ne7 17. g3 h6 18. Kg2 Rxc3 19. Rxc3 Rc8 20. Qc2 Rxc3
21. Qxc3 Nf5 22. Qb4 Qc7 23. Qa4 g5 24. h3 a6 25. Qb3 Kg7 26. Qc3 Qb6 27. a4 a5
28. Kf1 Qa6+ 29. Ke1 Qb6 30. Kf1 Ne7 31. Kg2 Nc6 32. g4 Ne7 33. h4 Ng6 34. hxg5
Nf4+ 35. Kh2 hxg5 36. Nxg5 Qd8 37. Qe3 Qxg5 38. Kg3 Nh5+ 39. Kf3 Qh4 40. gxh5
Qxh5+ 41. Kg3 Qg6+ 42. Kh4 Kf8 43. Qg5 Qh7+ 44. Kg3 Ke8 45. Qd2 Qg6+ 46. Kf3
Qe4+ 47. Kg3 Kd7 48. b4 Qb1 49. bxa5 Qb3+ 50. Kf4 Qxa4 51. Qb2 Qxa5 52. Qxb7+
Ke8 53. Qb8+ Ke7 54. Qd6+ Ke8 55. Qb8+ Ke7 56. Qd6+ 1/2-1/2

[Event "Aeroflot Open 2016 B"]
[Site "Moscu RUS"]
[Date "2016.03.06"]
[Round "6.43"]
[White "Yuan, Ye"]
[Black "Ovod, Evgenija"]
[Result "0-1"]
[WhiteElo "2140"]
[BlackElo "2324"]
[PlyCount "110"]
[EventDate "2016.03.01"]
[EventType "swiss"]
[EventRounds "9"]
[EventCountry "RUS"]
[Source "lmi"]
[SourceDate "2016.03.01"]

1. d4 Nf6 2. c4 c5 3. d5 e5 4. Nc3 d6 5. e4 Be7 6. g3 Nbd7 7. Bg2 a6 8. Nge2 h5
9. h3 h4 10. Be3 hxg3 11. fxg3 Nf8 12. a3 Bd7 13. Qd3 Qc7 14. b3 Ng6 15. Kd2
Qc8 16. Ng1 b5 17. Kc2 Rb8 18. Rb1 Bd8 19. Qf1 b4 20. axb4 cxb4 21. Nd1 a5 22.
Nb2 a4 23. bxa4 b3+ 24. Kd1 Bb6 25. Qf2 Bxe3 26. Qxe3 Rb4 27. a5 Qc7 28. Ra1
Ke7 29. Nf3 Ra8 30. a6 Bc8 31. a7 Nd7 32. Nd2 Nc5 33. Qg5+ Ke8 34. h4 Rxa7 35.
Rb1 Qe7 36. Qe3 Ra2 37. h5 Nf8 38. Ke2 Ba6 39. Rhc1 Nfd7 40. Qc3 Rb6 41. Qe3
Rb4 42. Kd1 Qd8 43. Bh3 Nf6 44. h6 gxh6 45. Qxh6 Nfxe4 46. Nxe4 Nxe4 47. Qh8+
Ke7 48. Qh4+ Nf6 49. g4 Qb6 50. g5 Qg1+ 51. Kd2 Qh2+ 52. Kd1 Nxd5 53. g6+ Nf6
54. gxf7 Rb8 55. Qh6 Rxb2 0-1

[Event "Aeroflot Open 2016 B"]
[Site "Moscu RUS"]
[Date "2016.03.06"]
[Round "6.44"]
[White "Von Meijenfeldt, Bart"]
[Black "Kostromin, Mikhail"]
[Result "0-1"]
[WhiteElo "2295"]
[BlackElo "2322"]
[PlyCount "146"]
[EventDate "2016.03.01"]
[EventType "swiss"]
[EventRounds "9"]
[EventCountry "RUS"]
[Source "lmi"]
[SourceDate "2016.03.01"]

1. e4 c5 2. Nf3 d6 3. d4 cxd4 4. Nxd4 Nf6 5. Nc3 a6 6. Be3 e5 7. Nb3 Be6 8. h3
Nbd7 9. g4 h6 10. Qd2 b5 11. O-O-O Nb6 12. f4 b4 13. Nd5 Nxe4 14. Qxb4 Nxd5 15.
Qa4+ Bd7 16. Qxe4 Nxe3 17. Qxe3 Be7 18. Kb1 Qc7 19. Bd3 O-O 20. Rhe1 Rfe8 21.
Qe4 g6 22. Bc4 Kg7 23. fxe5 dxe5 24. Qxe5+ Qxe5 25. Rxe5 Bf6 26. Rc5 Ra7 27. a3
Re4 28. Bxa6 Bxg4 29. hxg4 Rxa6 30. Rc7 Rxg4 31. Rdd7 g5 32. Nc5 Rb6 33. b4 Kg6
34. Rxf7 h5 35. Nd7 Rbxb4+ 36. axb4 Rxb4+ 37. Kc1 Kxf7 38. c4 Ke6 39. Nc5+ Kf5
40. Nd3 Ra4 41. Kd2 h4 42. c5 Ke4 43. Nf2+ Kf3 44. Nd3 Ra2+ 45. Kd1 Ke4 46. Nb4
Rb2 47. Nc2 Be5 48. Rh7 Rb1+ 49. Ke2 Rb5 50. c6 Rc5 51. Nb4 Rc4 52. Nd3 Rxc6
53. Nxe5 Kxe5 54. Kf3 Kf5 55. Ra7 Rc3+ 56. Kg2 Rc2+ 57. Kh3 Rc3+ 58. Kg2 Kg4
59. Ra4+ Kh5 60. Ra2 h3+ 61. Kh2 Kh4 62. Ra8 Rc2+ 63. Kh1 g4 64. Ra4 Re2 65.
Rb4 Kg3 66. Rb3+ Kf4 67. Rb8 g3 68. Rf8+ Ke3 69. Re8+ Kd2 70. Rd8+ Ke1 71. Kg1
Rg2+ 72. Kh1 Rf2 73. Re8+ Kf1 0-1

[Event "Aeroflot Open 2016 B"]
[Site "Moscu RUS"]
[Date "2016.03.06"]
[Round "6.45"]
[White "Bogumil, Tatiana"]
[Black "Spichkin, Alexander"]
[Result "1/2-1/2"]
[WhiteElo "2132"]
[BlackElo "2130"]
[PlyCount "65"]
[EventDate "2016.03.01"]
[EventType "swiss"]
[EventRounds "9"]
[EventCountry "RUS"]
[Source "lmi"]
[SourceDate "2016.03.01"]

1. e4 e6 2. d4 d5 3. Nd2 dxe4 4. Nxe4 Bd7 5. Nf3 Bc6 6. Bd3 Nd7 7. O-O Ngf6 8.
Qe2 Bxe4 9. Bxe4 Nxe4 10. Qxe4 c6 11. Bf4 Be7 12. Rfe1 Qa5 13. c3 Qd5 14. Ne5
Nxe5 15. Bxe5 Qxe4 16. Rxe4 f6 17. Bg3 Kf7 18. h4 Rhe8 19. Rae1 Bd8 20. h5 Bb6
21. Bd6 Rad8 22. Ba3 Rd5 23. g4 f5 24. gxf5 Rxf5 25. Re5 Bc7 26. Rxf5+ exf5 27.
Rxe8 Kxe8 28. b3 Kf7 29. Bc1 Kf6 30. Kg2 f4 31. Kf3 Kg5 32. c4 Kxh5 33. Bxf4
1/2-1/2

[Event "Aeroflot Open 2016 B"]
[Site "Moscu RUS"]
[Date "2016.03.06"]
[Round "6.46"]
[White "Arabidze, Meri"]
[Black "Utiatskaja, Irina"]
[Result "1-0"]
[WhiteElo "2390"]
[BlackElo "2215"]
[PlyCount "233"]
[EventDate "2016.03.01"]
[EventType "swiss"]
[EventRounds "9"]
[EventCountry "RUS"]
[Source "lmi"]
[SourceDate "2016.03.01"]

1. c4 Nf6 2. Nf3 g6 3. d4 Bg7 4. Nc3 O-O 5. e4 d6 6. h3 e5 7. d5 Nh5 8. g3 Na6
9. Nh2 Nc5 10. Ng4 Nf6 11. Bg5 h5 12. Nxf6+ Bxf6 13. Bh6 Bg7 14. Be3 c6 15. g4
cxd5 16. cxd5 h4 17. Qd2 Bd7 18. Be2 Kh7 19. f3 Bf6 20. Rc1 a6 21. O-O Rc8 22.
Rc2 a5 23. Bb5 Na6 24. Bxd7 Qxd7 25. Qf2 g5 26. Qe2 Be7 27. b3 f6 28. Kg2 Bd8
29. Rcc1 Nb4 30. a3 Na6 31. Qb5 Rf7 32. Qxd7 Rxd7 33. Nb5 Ra8 34. Rc2 Nc7 35.
Na7 Na6 36. Rfc1 Nc5 37. Bxc5 dxc5 38. Nb5 b6 39. Rc4 Be7 40. Kf1 Kg7 41. Ke2
Kf7 42. Kd3 Bd6 43. Ra4 Ke7 44. Kc4 Rb8 45. Nc3 Kd8 46. Kb5 Rc7 47. Nd1 Kd7 48.
Ne3 Rcb7 49. Nf5 Rc7 50. Rcc4 Rcc8 51. Ne3 Rc7 52. Nc2 Rcc8 53. Ne1 Rc7 54. Nd3
Rcc8 55. Rc2 Rc7 56. Nb2 Rcb7 57. Rac4 Ra8 58. Na4 Rab8 59. Rc1 Kc7 60. R4c2
Kd7 61. Nb2 Ra8 62. Nc4 Ke7 63. Nb2 Kd7 64. Ra1 Kc7 65. Kc4 Kd7 66. Kd3 Rbb8
67. Na4 Ke7 68. Nc3 b5 69. a4 bxa4 70. bxa4 Rb4 71. Nb5 Rc8 72. Na7 Rd4+ 73.
Ke2 Rc7 74. Nc6+ Rxc6 75. dxc6 Kd8 76. Rb2 c4 77. Rb7 c3 78. Rd7+ Kc8 79. Ra2
Rc4 80. Rxd6 c2 81. Rxc2 Rxc2+ 82. Kd3 Ra2 83. Kc4 Rxa4+ 84. Kb5 Rd4 85. Rxf6
a4 86. Rf8+ Kc7 87. Rf7+ Kc8 88. Ra7 Rd3 89. Rxa4 Rxf3 90. Ra8+ Kc7 91. Ra7+
Kc8 92. Rg7 Rxh3 93. Rxg5 Rh1 94. Kb6 Rb1+ 95. Kc5 Rd1 96. Rh5 Rc1+ 97. Kd6
Rd1+ 98. Kxe5 Rh1 99. Rh7 h3 100. g5 h2 101. g6 Rg1 102. Rxh2 Rxg6 103. Kd5 Rg1
104. Rh8+ Kc7 105. Rh7+ Kc8 106. e5 Rc1 107. Kd6 Rd1+ 108. Ke7 Kc7 109. e6 Kxc6
110. Rh8 Re1 111. Rd8 Kc7 112. Rd2 Kc6 113. Kf7 Rf1+ 114. Ke8 Re1 115. e7 Kc7
116. Rc2+ Kb6 117. Rc4 1-0

[Event "Aeroflot Open 2016 B"]
[Site "Moscu RUS"]
[Date "2016.03.07"]
[Round "7.1"]
[White "Arribas Lopez, Angel"]
[Black "Rozum, Ivan"]
[Result "0-1"]
[WhiteElo "2543"]
[BlackElo "2543"]
[PlyCount "72"]
[EventDate "2016.03.01"]
[EventType "swiss"]
[EventRounds "9"]
[EventCountry "RUS"]
[Source "lmi"]
[SourceDate "2016.03.01"]

1. e4 c6 2. d4 d5 3. f3 dxe4 4. fxe4 e5 5. Nf3 Bg4 6. Bc4 Nd7 7. c3 Bh5 8. O-O
Ngf6 9. Qe1 Bd6 10. Bb3 O-O 11. Bg5 Qc7 12. Qh4 Bg6 13. Nbd2 b5 14. Rae1 a5 15.
a4 Rfe8 16. Kh1 Nh5 17. axb5 cxb5 18. dxe5 Bxe5 19. Nxe5 Qxe5 20. Bd5 Rac8 21.
Nf3 Qd6 22. Rd1 Qa6 23. Bxf7+ Bxf7 24. Rxd7 b4 25. Re1 Qe6 26. Ra7 bxc3 27.
bxc3 Ra8 28. Rxa8 Rxa8 29. e5 a4 30. Nd4 Qc4 31. e6 Bg6 32. Nf5 Qxh4 33. Ne7+
Kf8 34. Bxh4 a3 35. Rd1 a2 36. Nxg6+ hxg6 0-1

[Event "Aeroflot Open 2016 B"]
[Site "Moscu RUS"]
[Date "2016.03.07"]
[Round "7.2"]
[White "Diermair, Andreas"]
[Black "Paravyan, David"]
[Result "1/2-1/2"]
[WhiteElo "2450"]
[BlackElo "2506"]
[PlyCount "118"]
[EventDate "2016.03.01"]
[EventType "swiss"]
[EventRounds "9"]
[EventCountry "RUS"]
[Source "lmi"]
[SourceDate "2016.03.01"]

1. Nf3 Nf6 2. c4 c5 3. Nc3 d5 4. cxd5 Nxd5 5. e4 Nb4 6. Bc4 Nd3+ 7. Ke2 Nf4+ 8.
Kf1 Ne6 9. h4 Nd4 10. d3 e6 11. Bf4 Bd6 12. e5 Be7 13. Nxd4 Qxd4 14. Qf3 O-O
15. Re1 Nc6 16. Qg3 Kh8 17. h5 Qd8 18. h6 g6 19. Ne4 Nd4 20. Nd6 Bxd6 21. exd6
f6 22. Rh5 b6 23. a3 Nc6 24. Bd2 Rb8 25. Bc3 Rb7 26. Rh4 b5 27. Bxe6 b4 28.
Bxc8 Qxc8 29. Bd2 Nd4 30. Rhe4 Nf5 31. Qf4 Qc6 32. Be3 bxa3 33. bxa3 Rb3 34.
Qf3 Kg8 35. g4 Nd4 36. Qg3 f5 37. gxf5 Nxf5 38. Qe5 Qxd6 39. Qxd6 Nxd6 40. Re7
Nf5 41. Rxa7 Rxd3 42. Bg5 Rh3 43. Kg2 Rh5 44. f4 Nxh6 45. Bxh6 Rxh6 46. Kg3 Rf7
47. Ree7 Rxe7 48. Rxe7 Rh1 49. Rc7 Ra1 50. Kg4 Rxa3 51. Rxc5 h5+ 52. Kg5 Rg3+
53. Kh6 h4 54. f5 gxf5 55. Rxf5 h3 56. Rf1 h2 57. Rh1 Rg7 58. Kh5 Kf7 59. Kh4
Rh7+ 1/2-1/2

[Event "Aeroflot Open 2016 B"]
[Site "Moscu RUS"]
[Date "2016.03.07"]
[Round "7.3"]
[White "Lugovskoy, Maxim"]
[Black "Vavulin, Maksim"]
[Result "0-1"]
[WhiteElo "2499"]
[BlackElo "2456"]
[PlyCount "82"]
[EventDate "2016.03.01"]
[EventType "swiss"]
[EventRounds "9"]
[EventCountry "RUS"]
[Source "lmi"]
[SourceDate "2016.03.01"]

1. e4 e5 2. Nf3 Nc6 3. Nc3 d6 4. d4 Bg4 5. Bb5 exd4 6. Qxd4 a6 7. Bxc6+ bxc6 8.
Qd3 Be7 9. Nd4 Bd7 10. Be3 Nf6 11. h3 O-O 12. O-O-O c5 13. Nde2 Bb5 14. Qd2 Re8
15. g4 Nd7 16. f4 Nb6 17. b3 Bc6 18. g5 a5 19. a4 Bf8 20. Ng3 Rb8 21. Qe2 Qe7
22. Rhe1 Qe6 23. Qf2 c4 24. f5 Qc8 25. Nh5 Nd7 26. Rg1 Bxe4 27. Rd4 d5 28. Nf6+
Nxf6 29. gxf6 Qxf5 30. Nxe4 Qxf2 31. Nxf2 Rxe3 32. fxg7 Ba3+ 33. Kd2 Rbe8 34.
Ng4 Bb4+ 35. Kc1 Re1+ 36. Rxe1 Rxe1+ 37. Kb2 c3+ 38. Ka2 Rc1 39. Rxd5 Rxc2+ 40.
Kb1 Rb2+ 41. Ka1 Kxg7 0-1